000 00356nam a2200133 i 4500
001 bg
100 1 _aPORĘBSKI, Wiesław
245 0 _aPodstawy automatyki.
_nCz. 2,
_pUkłady nieliniowe optymalne i adaptacyjne /
_cW. Porębski.
260 _aGdańsk,
_c1980.
040 _cBPK
041 _apol
942 _cKS
008 s pl f |000 0 pol
999 _c20036
_d20036
856 _uhttp://koha.tu.koszalin.pl/cgi-bin/koha/opac-detail.pl?biblionumber=20036
_yKatalog online BPK